00529nam a2200157Ia 4500008004100000041000800041082001300049100001700062245003800079260001600117365001600133700001700149906002700166999001900193952015900212230718s9999 xx 000 0 und d aeng a340bMAX aMaxwell J.C. a21 Irrefutable Laws Of Leadership c1999bMagna cRs.b175.00 aMaxwell J.C. dB:454725-May-2002cOTH c303692d303692 00104070aCCEPbCCEPd2002-06-20eTechnical Book ServicesfOTHg175.00i4547l0o340pCCEP-BK-14899r2023-07-18 00:00:00v175.00w2002-05-25yBKz014899